00940nam a22002417a 450000500170000001000110001702000100002803500110003803700160004904000120006508200160007724502240009326000290031727000330034630000260037950000090040565000250041465000240043970000280046394200250049199900190051695201630053520170124110231.0 a177830 c00.00 a177830 bCen Lib/Ret aDPLbEN a616.89bNEW aThe new Chemotherapy in mental illness :cedited by Hirsch L. Gordonbthe history, pharmacology and clinical experiences with rauwolfia, phenothiazine, azacyclonol, mephenesin, hydroxyzine and benactyzine preparations / aLondonbPeter Owenc1958 a50 Old Brompton RoadbLondon axvii,762p. c21cm(Hb) a  aPsychotherapy934846 aChemotherapy974274 aGordon, Hirsch L941265 2ddccENh616.89mGOR c134630d134630 04104070aLbLd2015-07-30eCen Lib/Ret g0.00l0o616.89 NEWp177830r2015-07-30 00:00:00t1v0.00w2015-07-30yENzW/d List No. 6883/3 ; dtd 05/09/2020